Office 97 bible (Record no. 41665)

MARC details
000 -LEADER
fixed length control field 00301nam a2200121Ia 4500
082 ## - DEWEY DECIMAL CLASSIFICATION NUMBER
Classification number 681.31 OFF
Item number JON
100 ## - MAIN ENTRY--AUTHOR NAME
Personal name Jones, Edward
245 #0 - TITLE STATEMENT
Title Office 97 bible
260 ## - PUBLICATION, DISTRIBUTION, ETC. (IMPRINT)
Place of publication New Delhi
Name of publisher Comdex Computer
Year of publication 1997
700 ## - ADDED ENTRY--PERSONAL NAME
Personal name Sutton, Derek
942 ## - ADDED ENTRY ELEMENTS (KOHA)
Koha item type Books
Holdings
Withdrawn status Lost status Damaged status Not for loan Home library Current library Date acquired Cost, normal purchase price Full call number Accession Number Koha item type
        RRII Library RRII Library 16/12/2021 325.00 681.31 OFF JON 21951 Books